Magyar philosophiai bibliographia 1910-1911-1912.

Elmentve itt :
Bibliográfiai részletek
Szerző: Enyvvári Jenő
Adatforrás:Philobibl
Forrásdokumentuma:Athenaeum 1914/2-3
200-224. p.
Dokumentumtípus: Cikk
Nyelv:magyar
LEADER 00298nab a2200097 c 4500
001 bibDOK00013327
005 20200924120832.9
008 060518s1914 xx hun
100 1 |a Enyvvári Jenő 
245 1 0 |a Magyar philosophiai bibliographia 1910-1911-1912.  |c Enyvvári Jenő 
773 0 |t Athenaeum 1914/2-3  |g 200-224. p.